Country Flags Without Blue - Statistics

General Stats
  • This quiz has been taken 339 times
  • The average score is 74 of 93
Answer Stats
Picture Answer % Correct
Canada
100%
Ireland
98%
Italy
97%
China
95%
Japan
95%
Switzerland
94%
Denmark
93%
Belgium
92%
Cyprus
92%
Georgia
92%
Germany
92%
Jamaica
92%
Lebanon
92%
Poland
92%
Saudi Arabia
92%
Turkey
92%
Bangladesh
91%
Vietnam
91%
Albania
90%
Bhutan
90%
Ivory Coast
90%
Vatican City
90%
Egypt
89%
Kenya
88%
Pakistan
88%
Hungary
87%
Iran
87%
Malta
87%
Tunisia
87%
Algeria
86%
Austria
86%
Bulgaria
86%
Indonesia
86%
Iraq
85%
North Macedonia
85%
Peru
84%
Singapore
84%
Monaco
83%
Turkmenistan
82%
Madagascar
81%
Niger
81%
Papua New Guinea
81%
Angola
80%
Tonga
80%
Afghanistan
79%
Belarus
79%
Libya
79%
United Arab Emirates
79%
Jordan
78%
Maldives
78%
Morocco
78%
Syria
78%
Malawi
77%
Mauritania
77%
Myanmar
77%
Nigeria
77%
Oman
77%
Sri Lanka
77%
Bahrain
76%
Brunei
76%
Burkina Faso
76%
Cameroon
76%
Kuwait
76%
Qatar
76%
Tajikistan
76%
Trinidad and Tobago
76%
Latvia
75%
Uganda
75%
Yemen
75%
Kyrgyzstan
73%
Lithuania
73%
Burundi
72%
Mozambique
72%
Zimbabwe
70%
Guyana
69%
Sudan
69%
Dominica
68%
East Timor
68%
Zambia
68%
Republic of the Congo
67%
Ghana
66%
Togo
65%
Vanuatu
65%
Senegal
64%
Suriname
64%
Saint Kitts and Nevis
63%
Mali
62%
Grenada
61%
Sao Tome and Principe
61%
Benin
60%
Guinea
60%
Bolivia
58%
Guinea-Bissau
55%
No matching quizzes found
Score Distribution
Percent of People with Each Score
Percentile by Number Answered
Your Score History
You have not taken this quiz